South American Flag Quiz - Statistics

General Stats
  • This quiz has been taken 98 times
  • The average score is 11 of 12
Answer Stats
Picture Answer % Correct
Argentina
99%
Brazil
97%
Chile
96%
Colombia
96%
Uruguay
93%
Ecuador
91%
Peru
88%
Paraguay
87%
Venezuela
87%
Bolivia
85%
Suriname
78%
Guyana
76%
No matching quizzes found
Score Distribution
Percent of People with Each Score
Percentile by Number Answered
Your Score History
You have not taken this quiz